Guess the Fusion Rock Song Lyrics #299 - Statistics

General Stats
  • This quiz has been taken 15 times
  • The average score is 134 of 168
Answer Stats
Answer % Correct
I
100%
know
100%
to
100%
too
100%
when
100%
no
92%
And
85%
if
85%
she
85%
where
85%
But
77%
gone
77%
she's
77%
the
77%
this
77%
Ain't
69%
ain't
69%
away
69%
goes
69%
It's
69%
long
69%
always
62%
not
62%
sunshine
62%
gonna
54%
just
54%
Only
54%
thing
54%
time
54%
Anytime
46%
Bill Withers
46%
home
46%
stay
46%
alone
38%
house
38%
warm
38%
darkness
31%
leave
31%
ought
31%
Wonder
31%
young
31%
everyday
23%
Hey
8%
No matching quizzes found
Score Distribution
Percent of People with Each Score
Percentile by Number Answered
Your Score History
You have not taken this quiz